Fraudebook : (Registro nro. 3844)

000 -CABECERA (24)
Campo de control interno 00929nmm a22002174a 4500
003 - IDENTIFICADOR DE CONTROL
Campo control BOLpUSFA
005 - FECHA Y HORA DE CATALOGACION
Campo de control 20200730175158.0
008 - ELEMENTOS DE LONGITUD FIJA - INFORMACIÓN GENERAL
Campo de control de longitud fija t gq d 000 f spa d
041 ## - Código de idioma (R)
Código de lengua del texto/banda sonora o título independiente (R) spa
100 ## - Autor Personal
Autor Personal Serrano, Vicente
245 ## - Titulo
Titulo Fraudebook :
Subtitulo lo que la red social hace con nuestras vidas
Medio [recurso electrónico]
260 ## - Editorial
Ciudad s.l.:
Nombre de la Editorial Titivillus,
Fecha 2016.
300 ## - Descripcion
Extension 91 p.
520 ## - Resumen
Resumen El presente documento contiene: 1. La máquina de los afectos - 2. El valor de la amistad - 3. El fantasma de la libertad - 4. El poder de facebook - 5. No me gusta - 6. La felicidad de facebook - 7. Biografías - 8. El enredo de las masas - 9. Un dispositivo biopolítico.
650 ## - Temas - Descriptores
Temas - Descriptores Redes sociales
650 ## - Temas - Descriptores
Temas - Descriptores Adolescencia
650 ## - Temas - Descriptores
Temas - Descriptores Medios de comunicación
650 ## - Temas - Descriptores
Temas - Descriptores Internet
856 ## - URL - Ubicacion
URI/URL <a href="http://biblioteca.usfa.edu.bo/cgi-bin/koha/opac-retrieve-file.pl?id=9e088a083ab39d8d4a7bc15f5a86f10f">http://biblioteca.usfa.edu.bo/cgi-bin/koha/opac-retrieve-file.pl?id=9e088a083ab39d8d4a7bc15f5a86f10f</a>
942 ## - ELEMENTOS DE KOHA
Esquema de Clasificaci
Tipo de Documento Documentos Electrónicos
Catalogador SML

No hay ítems disponibles.


Universidad Privada San Francisco de Asis (USFA)
Sopocachi, av. 20 de octubre esq. Belisario Salinas No.397 (Plaza Abaroa)
Telf.fax (+591-2) 2443773
info@usfa.edu.bo